Sports Quiz

Random Sports Quiz

Boxers who beat Roy Jones JR Quiz Stats

Quiz not verified by Sporcle

Challenge
Share
Tweet
Embed
Score 0/9 Timer 02:00
0 Plays Today
Hint Answer % Correct
5/15/04Antonio Tarver
86.6%
10/1/05Antonio Tarver
86.6%
10/4/03Bernard Hopkins
77.6%
11/8/08Joe Calzaghe
76.1%
9/25/04Geln Johnson
70.1%
3/27/97Montell Griffin
61.2%
12/02/09Danny Green
41.8%
5/21/11Denis Lebedev
41.8%
12/12/15Enzo Maccarinelli
36.4%

You're not logged in!

Compare scores with friends on all Sporcle quizzes.
Join for Free
OR
Log In

You Might Also Like...

Show Comments

Extras

Created Apr 4, 2015ReportNominate
Tags:boxing, roy

Top Quizzes Today


Score Distribution

Your Account Isn't Verified!

In order to create a playlist on Sporcle, you need to verify the email address you used during registration. Go to your Sporcle Settings to finish the process.

Report this User

Report this user for behavior that violates our Community Guidelines.

Details: